000 00617nam a2200217 a 4500
001 BRCA_1940
005 20190320203617.0
008 030117s2004 uk-a---##d---#000-0#eng-d
020 _a0500202222
040 _aDLC
_cDLC
050 4 _aN33
_b.L75 1988
100 1 _aLucie-Smith, Edward
_92279
245 1 0 _aThe Thames and Hudson Dictionary of Art Terms
_cEdward Lucie-Smith.
260 _aLondon
_bThames and Hudson
_c1988
300 _a208 p.
_bil.
_c21 cm.
500 _aIncluye tabla de dinastías
650 1 4 _aArte
_vDiccionarios
_95967
740 0 _aDictionary of Art Terms
902 _aREF
942 _2lcc
_cB
999 _c1710
_d1710